| 000 | 00710nam a2200205Ia 4500 | ||
|---|---|---|---|
| 003 | GCL | ||
| 008 | 140319s9999 xx 000 0 ara d | ||
| 040 |
_aGCL / _cGCL |
||
| 082 | 0 | 4 |
_a011.01 _bس د |
| 100 | 1 | _aسعود عبدالله العزيمى | |
| 245 | 1 | 0 |
_aدليل المراجع / _cسعود عبدالله العزيمى |
| 700 | 1 | _aبسام عبدالغنى صبرة | |
| 260 |
_aالرياض : _bمكتبة الملك فهد الوطنية ، _c1994 |
||
| 300 |
_a521ص ؛ _c24سم |
||
| 490 |
_aمطبوعات مكتبة الملك فهد الوطنية _v3 |
||
| 650 | 0 | 4 | _aالمجامع العربية |
| 650 | 0 | 4 | _aبيليوجرافيات |
| 650 | 0 | 4 | _aالادلة |
| 942 |
_2ddc _cBK |
||
| 999 |
_c50638 _d50638 |
||